|
|
|
|
| LEADER |
00000cam a2200000 7i4500 |
| 001 |
0000056521 |
| 005 |
20080921093000.0 |
| 008 |
080507s1999 my eng |
| 020 |
|
|
|a 9832088054
|
| 090 |
0 |
0 |
|a TS1892
|b .T33 1999
|
| 245 |
0 |
0 |
|a Techniques of bonding rubber
|c Mariana Fernando ... [et al.]
|
| 260 |
|
|
|a Kuala Lumpur :
|b Malaysian Rubber Board ,
|c 1999
|
| 300 |
|
|
|a vii, 31 p. :
|b ill. ;
|c 23 cm.
|
| 440 |
|
0 |
|a Malaysian Rubber Board technology bulletin
|v 1
|
| 504 |
|
|
|a Includes bibliographical references (p. 30-31)
|
| 650 |
|
0 |
|a Rubber
|x Bonding
|
| 700 |
1 |
|
|a Fernando, Mariana ,
|e author
|
| 710 |
2 |
|
|a Lembaga Getah Malaysia
|
| 999 |
|
|
|a 1000116616
|b Book
|c Close Access
|e Gong Badak Campus
|